[Event "Hull 4NCL op"]
[Site "Hull"]
[Date "2024.09.07"]
[Round "3"]
[White "Kilshaw, Joe"]
[Black "Zhu, Yaoyao"]
[Result "1/2-1/2"]
[WhiteElo "1941"]
[BlackElo "2004"]
[PlyCount "93"]
[EventDate "2024.09.06"]
[EventType "swiss"]
[EventRounds "5"]
[EventCountry "ENG"]
[SourceTitle "CB37_2024"]
[SourceDate "2024.09.11"]
[SourceVersion "1"]
[SourceVersionDate "2024.09.11"]
[SourceQuality "1"]

1. e4 e5 2. Bc4 Nc6 3. d3 d6 4. Nc3 Na5 5. Nge2 Nf6 6. 0-0 Be7 7. Bg5 Nxc4 8. dxc4 0-0 9. Qd3 h6 10. Bd2 c6 11. Rad1 Be6 12. b3 Qd7 13. Ng3 Rfd8 14. h3 d5 15. cxd5 cxd5 16. Nxd5 Nxd5 17. exd5 Bxd5 18. c4 Be6 19. Qe2 Qd3 20. Ba5 Qxe2 21. Nxe2 b6 22. Bc3 f6 23. g4 h5 24. f3 e4 25. Nf4 Bd7 26. fxe4 hxg4 27. Nd5 Bc5+ 28. Kh1 gxh3 29. Bxf6 Rf8 30. Be7 Rxf1+ 31. Rxf1 Bxe7 32. Nxe7+ Kh7 33. Rf4 g6 34. Nd5 Kg7 35. Kh2 Re8 36. Nf6 Rf8 37. e5 Bf5 38. b4 Rf7 39. c5 bxc5 40. bxc5 Re7 41. Nh5+ Kh6 42. Ng3 Rxe5 43. Nxf5+ gxf5 44. Rc4 Re7 45. Kxh3 Kg5 46. c6 Rc7 47. Kg3 1/2-1/2

[Event "BCF-ch Seniors 50"]
[Site "Hull"]
[Date "2024.07.29"]
[Round "1"]
[White "Kilshaw, Joe"]
[Black "Dishman, Stephen"]
[Result "0-1"]
[WhiteElo "1937"]
[BlackElo "2306"]
[PlyCount "74"]
[EventDate "2024.07.29"]
[EventType "swiss"]
[EventRounds "7"]
[EventCountry "ENG"]
[SourceTitle "CB32_2024"]
[SourceDate "2024.08.08"]
[SourceVersion "1"]
[SourceVersionDate "2024.08.08"]
[SourceQuality "1"]

1. e4 c5 2. Nf3 g6 3. d4 cxd4 4. Nxd4 Nc6 5. Nc3 Bg7 6. Be3 Nf6 7. Nxc6 bxc6 8. e5 Ng8 9. f4 Nh6 10. Bc4 0-0 11. Qd2 d6 12. 0-0-0 Bg4 13. Rde1 Qa5 14. h3 Be6 15. Bxe6 fxe6 16. g4 Rad8 17. Qg2 d5 18. Qg1 Rc8 19. Kb1 c5 20. Bc1 Rc6 21. f5 Rb8 22. Ka1 d4 23. Nd1 exf5 24. Qg2 Ra6 25. a3 e6 26. Nf2 c4 27. Qf3 d3 28. Nxd3 cxd3 29. Qxd3 Qb5 30. Qc3 Rc6 31. Qd2 Nf7 32. gxf5 exf5 33. c4 Qxc4 34. e6 Rxe6 35. Rxe6 Qxe6 36. Re1 Qd6 37. Qa5 Qb6 0-1

[Event "Hull 4NCL op"]
[Site "Hull"]
[Date "2019.11.03"]
[Round "5"]
[White "Kilshaw, Joe"]
[Black "Ross, Stuart"]
[Result "1-0"]
[WhiteElo "2029"]
[BlackElo "1632"]
[PlyCount "53"]
[EventDate "2019.11.01"]
[EventType "swiss"]
[EventRounds "5"]
[EventCountry "ENG"]
[SourceTitle "CBM 192 Extra"]
[Source "Chessbase"]
[SourceDate "2019.11.06"]
[SourceVersion "1"]
[SourceVersionDate "2019.11.06"]
[SourceQuality "1"]

1. d4 Nf6 2. Bf4 e6 3. e3 c5 4. c3 Nc6 5. Nd2 d5 6. Bd3 Bd6 7. Bg3 0-0 8. Ngf3 Ne7 9. Qe2 b6 10. e4 dxe4 11. Nxe4 Ne8 12. Nxd6 Nxd6 13. Bxd6 Qxd6 14. Qe4 g6 15. Qxa8 Nc6 16. Be4 Bd7 17. Qb7 Rb8 18. Qa6 b5 19. 0-0 Rb6 20. dxc5 Qxc5 21. Qa3 b4 22. cxb4 Qh5 23. Rac1 f5 24. Bxc6 Bxc6 25. Rxc6 Rxc6 26. Qxa7 Rc2 27. Qe7 1-0

[Event "Hull 4NCL op"]
[Site "Hull"]
[Date "2019.11.01"]
[Round "1"]
[White "Kilshaw, Joe"]
[Black "Sowray, Peter John"]
[Result "0-1"]
[WhiteElo "2029"]
[BlackElo "2316"]
[PlyCount "86"]
[EventDate "2019.11.01"]
[EventType "swiss"]
[EventRounds "5"]
[EventCountry "ENG"]
[SourceTitle "CBM 192 Extra"]
[Source "Chessbase"]
[SourceDate "2019.11.06"]
[SourceVersion "1"]
[SourceVersionDate "2019.11.06"]
[SourceQuality "1"]

1. d4 d5 2. Bf4 Nf6 3. e3 e6 4. Bd3 Bd6 5. Bg3 0-0 6. Nd2 b6 7. Qe2 c5 8. c3 a5 9. Ngf3 Ba6 10. Bxa6 Nxa6 11. Bxd6 Qxd6 12. 0-0 Nb8 13. e4 dxe4 14. Nxe4 Nxe4 15. Qxe4 Nd7 16. Rfd1 Rad8 17. dxc5 Qxc5 18. Qd4 Qc7 19. Qd6 Qb8 20. Qxb8 Nxb8 21. Kf1 f6 22. Nd4 Kf7 23. Ke2 Rd5 24. a4 Rfd8 25. Nb5 Na6 26. Rxd5 Rxd5 27. Rd1 Nc5 28. Rxd5 exd5 29. Nc7 Nxa4 30. Nxd5 Ke6 31. Nf4+ Kd6 32. Nd3 b5 33. f3 g5 34. Kd2 Nb6 35. Ke3 Nc4+ 36. Kd4 a4 37. f4 Nxb2 38. Nb4 a3 39. fxg5 fxg5 40. g4 Nd1 41. Nc2 a2 42. c4 bxc4 43. Kxc4 Ne3+ 0-1

[Event "Doncaster 4NCL op-A 18th"]
[Site "Doncaster"]
[Date "2018.04.13"]
[Round "1"]
[White "Kilshaw, Joe"]
[Black "Merry, Alan B"]
[Result "0-1"]
[WhiteElo "2072"]
[BlackElo "2436"]
[PlyCount "38"]
[EventDate "2018.04.13"]
[EventType "swiss"]
[EventRounds "5"]
[EventCountry "ENG"]
[SourceTitle "CBM 184 Extra"]
[Source "ChessBase"]
[SourceDate "2018.06.28"]
[SourceVersion "1"]
[SourceVersionDate "2018.06.28"]
[SourceQuality "1"]

1. d4 Nf6 2. Bf4 g6 3. Nc3 c5 4. d5 Bg7 5. e4 0-0 6. Be2 d6 7. h4 b5 8. Bxb5 Nxe4 9. Nxe4 Qa5+ 10. Qd2 Qxb5 11. Rb1 Qc4 12. Nc3 Bxc3 13. bxc3 Nd7 14. Ne2 Ba6 15. h5 Nf6 16. hxg6 fxg6 17. Bh6 Ne4 18. Qd3 Rxf2 19. Nf4 Rf1+ 0-1